000 00644nam a2200253Ia 4500
003 OSt
005 20221005064334.0
006 a|||||r|||| 00| 0
007 ta
008 221004b |||||||| |||| 00| 0 eng d
024 _a29426
037 _cTextual
040 _aCRL
_cCRL
_beng
041 _2eng
_aeng
082 _aV2y7M47, (J0)
245 0 _aSpeeches and writings of Annie Besant
250 _a3rd
260 _aMadras
_bG A Natesan & Co
_c1950
300 _a479
_ccm.
650 _a HISTORY
650 _aBASANT, ANNIE - BIOGRAPHY
_9603677
942 _hV2y7M47, (J0)
_cTEXL
_2cc
999 _c972803
_d972803